000 00327nam a2200133Ia 4500
005 20251222155114.0
008 251222s9999||||xx |||||||||||||| ||spa||
082 _aETI.74
100 _aVALLS MOLINS,Roser.
245 0 _aEtica para Enfermería un programa de formación
250 _a1ra. ed.
264 _bROL
942 _cLIB
999 _c38162
_d38162